What Business Characteristics Angel Investors Prefer When Evaluating Business Proposals?

Obchodné návrhy a nápady podnikateľov žiadajúci o anjelské investície hodnotené investormi. Preskúmanie 310 obchodných návrhov zamietnutých investormi a definovanie uprednostňovaných obchodných charakteristík.

Guardado en:
Detalles Bibliográficos
Autor principal: Hanák, Róbert, 1979-
Formato: Capítulo de libro
Lenguaje:inglés
Materias:
Etiquetas: Agregar Etiqueta
Sin Etiquetas, Sea el primero en etiquetar este registro!

MARC

LEADER 00000naa$a2200000$$$4500
001 0271288
005 20240521130105.1
041 0 |a eng 
044 |a CZ 
245 1 0 |a What Business Characteristics Angel Investors Prefer When Evaluating Business Proposals?  |c Róbert Hanák 
520 |a Obchodné návrhy a nápady podnikateľov žiadajúci o anjelské investície hodnotené investormi. Preskúmanie 310 obchodných návrhov zamietnutých investormi a definovanie uprednostňovaných obchodných charakteristík. 
610 2 0 |a obchod 
610 2 0 |a podnikatelia 
610 2 0 |a investori 
610 2 0 |a investovanie 
100 1 |a Hanák, Róbert, 1979-